Statistics for North Africa Quiz

Click here to take the quiz!

General Stats

  • This quiz has been taken 23 times
  • The average score is 10 of 13

Answer Stats

HintAnswer% Correct
CountryMorocco
95%
CountrySudan
95%
CountryEgypt
90%
CountryAlgeria
85%
CountryLibya
85%
CountryMali
85%
CountryTunisia
85%
CountryMauritania
80%
CountryNiger
80%
CountryChad
70%
CountrySenegal
60%
Disputed TerritoryWestern Sahara
60%
CountryEritrea
45%

Score Distribution

Percentile by Number Answered

Percent of People with Each Score

Your Score History

You have not taken this quiz